Fernseh-Werbung. Quantitative Werbe-Wirksamkeit bei den Privaten führt zu hohen Wachstumsraten.

Prostriedky vynaložené v SRN na televíznu reklamu v r. 1990. Nasadenie televíznej reklamy pre cieľové skupiny a branže, ktoré sa predtým v televízii neobjavili. Perspektívne uplatnenie priamych kontaktov so spotrebiteľmi prostredníctvom telefón-marketingu.

Na minha lista:
Detalhes bibliográficos
Autor principal: Tostmann, T.
Formato: Capítulo de Livro
Idioma:alemão
Assuntos:
Tags: Adicionar Tag
Sem tags, seja o primeiro a adicionar uma tag!

MARC

LEADER 00000naa a2200000 4500
001 r004828
005 20221208122831.7
041 0 |a ger 
044 |a DE 
245 1 0 |a Fernseh-Werbung.  |b Quantitative Werbe-Wirksamkeit bei den Privaten führt zu hohen Wachstumsraten.  |c T. Tostmann 
520 |a Prostriedky vynaložené v SRN na televíznu reklamu v r. 1990. Nasadenie televíznej reklamy pre cieľové skupiny a branže, ktoré sa predtým v televízii neobjavili. Perspektívne uplatnenie priamych kontaktov so spotrebiteľmi prostredníctvom telefón-marketingu. 
610 2 0 |a reklama 
610 2 0 |a televízia 
610 2 0 |a Nemecko 
610 2 0 |a 1990 
610 2 0 |a telefón 
610 2 0 |a marketing 
610 2 0 |a spotrebitelia 
100 1 |a Tostmann, T.